000 01145nam a22003137a 4500
003 CHAP
005 20220329143520.0
008 100322s2008 mx r 00010 spa d
010 _a97829
011 _a98801
035 _a109486
040 _cCHAP
090 _aFolleto 17593
245 0 0 _aProducción, industrialización y comercialización de hongos comestibles en el municipio de Arriaga, Chiapas
_c/editado por Denise López Morales
260 _aTuxtla Gutiérrez, Chis. :
_bUniversidad Autónoma de Chiapas, Dirección General de Extensión Universitaria,
_c2008
300 _a15 p.
590 _aBATCH-UPD
_b10
_c20130110
_lUCH01
_h1157
590 _aBATCH-UPD
_b10
_c20130410
_lUCH01
_h0740
590 _aBATCH-UPD
_b10
_c20130914
_lUCH01
_h1620
590 _aCONVERSION
_b10
_c20130109
_lUCH01
_h1354
650 1 4 _aHongos comestibles.
_956124
650 1 4 _aHongos
_xChiapas.
_956091
650 1 4 _aSetas
_xMercadeo.
_9105377
650 1 4 _aSetas
_xRendimiento.
_9105381
700 1 _aLópez Morales, Denise
_e, ed.
_968144
901 _aBK
942 _cFOLL
949 _aFolleto 17593
_bBC
_cFOLL
_d33724002128876
_eTS1
_gDonaciØn
_i109486
_sb
999 _c97829
_d97829